Relaciones internacionales contemporáneas: modalidades de análisis alternativo /

El artículo analiza los componentes, el nacimiento y desarrollo del nuevo orden internacional, así como la soberaná jurídico-política de los territorios. Se estudia la globalización, sus efectos, enfoques y características haciendo énfasis en la transnacionalización y la globalización de los mercado...

Descrizione completa

Salvato in:
Dettagli Bibliografici
Autore principale: Zeledón Flores, Pablo
Natura: testo
Soggetti:
Tags: Aggiungi Tag
Nessun Tag, puoi essere il primo ad aggiungerne!!

MARC

LEADER 00000 a a2200000 04500
001 13644
003
040
100 |a Zeledón Flores, Pablo  
245 |a Relaciones internacionales contemporáneas:   |b modalidades de análisis alternativo /  |c Pablo Zeledón Flores 
520 |a El artículo analiza los componentes, el nacimiento y desarrollo del nuevo orden internacional, así como la soberaná jurídico-política de los territorios. Se estudia la globalización, sus efectos, enfoques y características haciendo énfasis en la transnacionalización y la globalización de los mercados de bienes, servicios y capitales  
650 |a GLOBALIZACION  
650 |a DESARROLLO ECONOMICO Y SOCIAL  
650 |a CULTURA TRADICIONAL  
650 |a ESTADO NACION  
773 |g volumen 81, número 2; páginas 33-43  
999 |c 22234  |d 22234